Normal view
MARC view
Entry Nombre personal
001 - NÚMERO DE CONTROL
- campo de control: 67407
003 - IDENTIFICADOR DEL NÚMERO DE CONTROL
- campo de control: BNPHU
005 - FECHA Y HORA DE LA ÚLTIMA TRANSACCIÓN
- campo de control: 20250128172438.0
008 - DATOS DE LONGITUD FIJA
- campo de control de longitud fija: 200615|| aca||aabn | a|a d
010 ## - NÚMERO DE CONTROL DE LA BIBLIOTECA DEL CONGRESO
- Número de control de LC: n 81098180
040 ## - FUENTE DE LA CATALOGACIÓN
- Centro catalogador/agencia de origen: DO-SdBNP
- Lengua de catalogación: spa
- Centro/agencia transcriptor: BNPHU
- Normas de descripción: rda
100 1# - ENCABEZAMIENTO-NOMBRE DE PERSONA
- Nombre de persona: Morris, Charles G.
- Fechas asociadas al nombre: 1940-
400 1# - TRAZADO DE VÉASE--NOMBRE DE PERSONA
- Nombre de persona: Morris, Tony,
- Fechas asociadas al nombre: 1940-
670 ## - FUENTE DE DATOS ENCONTRADOS
- Cita de la fuente: Work cat.: (OSt)40466: Morris, Charles G., Psicología / 2009.
670 ## - FUENTE DE DATOS ENCONTRADOS
- Cita de la fuente: Morris, Charles G., Psicología / 1973
670 ## - FUENTE DE DATOS ENCONTRADOS
- Cita de la fuente: Psychology, 1988:
- Información encontrada: CIP portada (Charles G. Morris) hoja de fechas (n. 12-12-40)
670 ## - FUENTE DE DATOS ENCONTRADOS
- Identificador Uniforme del Recurso: https://authorities.loc.gov/cgi-bin/Pwebrecon.cgi?AuthRecID=3321115&v1=1&HC=1&SEQ=20250128170405&PID=v-hqHsOndrxtTw1PtogNIwl75S Consultado en 28 de enero, 2025
670 ## - FUENTE DE DATOS ENCONTRADOS
- Identificador Uniforme del Recurso: https://librunam.dgb.unam.mx:8443/F/KKLCXELVR3NQI8EQDUDC5SMCGBTA4TXF8TDLCAYNDX6GTDGA7P-23126?func=full-set-set&set_number=022487&set_entry=000002&format=001 Consultado en 28 de enero, 2025
